000
00290nam a2200121Ia 4500
008
190216s9999||||xx |||||||||||||| ||und||
100
_a
Laud B B
245
0
_a
Lasers And Non Linear Optics
260
_b
New Age International Publishers
300
_a
262
650
_a
Physics
942
_c
BK
999
_c
33945
_d
33945